000 00615nam a2200217Ia 4500
005 20241129110141.0
008 241129s9999||||xx |||||||||||||| ||und||
020 _a978-1-3503-2819-8
037 _aTB
040 _aARTS
_beng
_cARTS
041 _aeng
_2eng
084 _aSv R3
_qARTS
100 _aHughes Brian Au.
_9727408
245 0 _aConceptual history of psychology: the mind through time
_cHughes Brian Au.
260 _aUK
_bBloomsbury Academic
_c2022
300 _axxii,452p.
365 _aUKP
_b39.99
650 _aPsychologHistory
_9727409
942 _cTB
_hSv R3
999 _c1227495
_d1227495